8 mots dans mots : rab (mort subite) - Statistiques

Statistiques générales
  • Ce quiz a été pris 21 fois
  • Le résultat moyen est 7 sur 8
Answers on the Grid
Answers color-coded by a green-red scale on the quiz's grid according to % correct below.
R---fier
Incommensu---lement
Aut---bsistance
Ec---ouiller
Ru---leuse
Manoeuv---ilité
Su---ntionner
Invulné---ilité
C---ubin
Ta---iscoter
Irrécupé---ilité
Tr---ion
Transfé---ilité
Sub---ntiellement
Pa---oliquement
Enrub---er
 
Statistiques - réponses
Réponse % Correct
Ec---ouiller
100%
Invulné---ilité
100%
Incommensu---lement
95%
Irrécupé---ilité
95%
Manoeuv---ilité
95%
Pa---oliquement
90%
Transfé---ilité
90%
Ta---iscoter
75%
Aucun quiz correspondant
Distribution des résultats
% des personnes avec chaque résultat
Percentile par nombre de réponses
Votre historique - résultats
Vous n’avez pas pris ce quiz